[Event "Hamar op B"]
[Site "Hamar"]
[Date "2014.11.20"]
[Round "6"]
[White "Torp, Elliot Sveum"]
[Black "Haukenes, Jonas"]
[Result "1/2-1/2"]
[WhiteElo "671"]
[BlackElo "932"]
[PlyCount "71"]
[EventDate "2014.09.04"]
[EventType "swiss"]
[EventRounds "9"]
[EventCountry "NOR"]
[SourceTitle "EXT 2024"]
[Source "ChessBase"]
[SourceDate "2023.10.10"]
[SourceVersion "1"]
[SourceVersionDate "2023.10.10"]
[SourceQuality "1"]

1. e4 e5 2. Nf3 Nc6 3. Nc3 Nf6 4. Bb5 Bc5 5. Bxc6 dxc6 6. 0-0 Bd4 7. Nxd4 Qxd4 8. d3 Bg4 9. Qd2 0-0-0 10. Qe3 Qxe3 11. Bxe3 b6 12. h3 Be6 13. Rad1 h6 14. d4 exd4 15. Rxd4 Rxd4 16. Bxd4 Rg8 17. e5 Nd5 18. Nxd5 cxd5 19. c3 c5 20. Be3 g5 21. Rd1 Re8 22. f4 Rg8 23. fxg5 hxg5 24. b4 c4 25. a3 g4 26. hxg4 Bxg4 27. Rxd5 Bf3 28. Rd2 Be4 29. a4 Kc7 30. Bf4 Kc8 31. g3 Bd3 32. Kf2 Kd7 33. Ke3 Ke6 34. Rg2 Rg4 35. Kd4 Rg8 36. Ke3 1/2-1/2

[Event "Hamar op B"]
[Site "Hamar"]
[Date "2014.11.06"]
[Round "5"]
[White "Haukenes, Jonas"]
[Black "Rohne, Jorgen"]
[Result "0-1"]
[WhiteElo "932"]
[BlackElo "1150"]
[PlyCount "88"]
[EventDate "2014.09.04"]
[EventType "swiss"]
[EventRounds "9"]
[EventCountry "NOR"]
[SourceTitle "EXT 2024"]
[Source "ChessBase"]
[SourceDate "2023.10.10"]
[SourceVersion "1"]
[SourceVersionDate "2023.10.10"]
[SourceQuality "1"]

1. e4 e5 2. Nf3 Nf6 3. Nc3 d6 4. Bc4 Be6 5. Bxe6 fxe6 6. 0-0 Nc6 7. Ng5 Qe7 8. Ne2 h6 9. Nf3 Nxe4 10. d4 exd4 11. Nexd4 Nxd4 12. Qxd4 Nf6 13. Nh4 Qf7 14. Re1 e5 15. b3 Be7 16. Qa4+ Nd7 17. Bb2 0-0 18. Qg4 Qxf2+ 19. Kh1 Qxh4 20. Qxd7 Rac8 21. Rf1 Bf6 22. g3 Qe4+ 23. Kg1 Qxc2 24. Qe6+ Kh8 25. Bc1 Rce8 26. Qh3 Qg6 27. Qd7 Re7 28. Qa4 a6 29. Qb4 e4 30. Rb1 c5 31. Qe1 Bd4+ 32. Kg2 Rxf1 33. Qxf1 Qf6 34. Qxf6 Bxf6 35. Bb2 Bxb2 36. Rxb2 Rf7 37. Rd2 Rd7 38. Kf2 d5 39. Ke3 g5 40. g4 Kg7 41. Rf2 Re7 42. h3 d4+ 43. Ke2 Rf7 44. Rg2 Rf3 0-1

[Event "Hamar CC-ch"]
[Site "Hamar"]
[Date "2014.02.06"]
[Round "3"]
[White "Bjortomt, Erling"]
[Black "Haukenes, Jonas"]
[Result "1-0"]
[WhiteElo "1185"]
[BlackElo "953"]
[PlyCount "47"]
[EventDate "2014.01.09"]
[EventType "swiss"]
[EventRounds "9"]
[EventCountry "NOR"]
[SourceTitle "EXT 2024"]
[Source "ChessBase"]
[SourceDate "2023.10.10"]
[SourceVersion "1"]
[SourceVersionDate "2023.10.10"]
[SourceQuality "1"]

1. e4 e5 2. Nf3 Nc6 3. Bb5 Bc5 4. 0-0 d6 5. Bxc6+ bxc6 6. Nc3 Qf6 7. d3 Qg6 8. Nh4 Qg5 9. Bxg5 Nf6 10. Bxf6 gxf6 11. Na4 Bb4 12. c3 Ba5 13. b4 Bb6 14. Nxb6 cxb6 15. f4 Bd7 16. Qh5 0-0-0 17. Qxf7 Rdf8 18. Qh5 Be8 19. Qe2 Bd7 20. fxe5 fxe5 21. Rxf8+ Rxf8 22. Rf1 Rd8 23. Nf5 Kc7 24. Qh5 1-0

[Event "NOR-ch U14"]
[Site "Hamar"]
[Date "2013.11.16"]
[Round "3"]
[White "Tandberg, Gjermund"]
[Black "Haukenes, Jonas"]
[Result "1-0"]
[WhiteElo "959"]
[BlackElo "863"]
[PlyCount "49"]
[EventDate "2013.11.15"]
[EventType "swiss"]
[EventRounds "7"]
[EventCountry "NOR"]
[SourceTitle "EXT 2024"]
[Source "ChessBase"]
[SourceDate "2023.10.10"]
[SourceVersion "1"]
[SourceVersionDate "2023.10.10"]
[SourceQuality "1"]

1. d4 d5 2. c4 c6 3. Nf3 Bf5 4. Nc3 Nf6 5. Bf4 Nbd7 6. e3 e6 7. Bd3 Bxd3 8. Qxd3 Bb4 9. 0-0 0-0 10. a3 Bxc3 11. bxc3 Rc8 12. cxd5 c5 13. dxe6 c4 14. exf7+ Rxf7 15. Qc2 Nd5 16. Ng5 Nxf4 17. Nxf7 Kxf7 18. exf4 Kg8 19. Rfe1 Nf6 20. h3 Nd5 21. Re4 Qa5 22. Rae1 Kf8 23. Re5 Qxc3 24. Qxh7 Nxf4 25. Qh8+ 1-0

[Event "Hamar op"]
[Site "Hamar"]
[Date "2013.10.03"]
[Round "3"]
[White "Kanstad, Jan Magnus"]
[Black "Haukenes, Jonas"]
[Result "1-0"]
[WhiteElo "1332"]
[BlackElo "863"]
[PlyCount "47"]
[EventDate "2013.08.29"]
[EventType "swiss"]
[EventRounds "7"]
[EventCountry "NOR"]
[SourceTitle "EXT 2024"]
[Source "ChessBase"]
[SourceDate "2023.10.10"]
[SourceVersion "1"]
[SourceVersionDate "2023.10.10"]
[SourceQuality "1"]

1. d4 d5 2. c4 c6 3. Nf3 Nf6 4. Nc3 Bg4 5. h3 Bh5 6. e3 e6 7. Be2 h6 8. Ne5 Bxe2 9. Qxe2 Bd6 10. f4 g6 11. Bd2 Nh5 12. Qf2 Qf6 13. g4 Ng7 14. 0-0-0 Bxe5 15. dxe5 Qe7 16. Kb1 Nd7 17. Be1 0-0-0 18. cxd5 cxd5 19. e4 Nb6 20. Nb5 dxe4 21. Ba5 Rxd1+ 22. Rxd1 Rd8 23. Rc1+ Kd7 24. Rc7+ 1-0

[Event "NOR-ch U12"]
[Site "Lillehammer"]
[Date "2013.06.29"]
[Round "1"]
[White "Nass, Sara"]
[Black "Haukenes, Jonas"]
[Result "1-0"]
[WhiteElo "1371"]
[BlackElo "804"]
[PlyCount "75"]
[EventDate "2013.06.29"]
[EventType "swiss"]
[EventRounds "9"]
[EventCountry "NOR"]
[SourceTitle "EXT 2017"]
[Source "ChessBase"]
[SourceDate "2016.10.25"]
[SourceVersion "1"]
[SourceVersionDate "2016.10.25"]
[SourceQuality "1"]

1. e4 e5 2. Nf3 Nc6 3. Bc4 Bb4 4. c3 Ba5 5. d3 d6 6. 0-0 Nf6 7. Re1 Bg4 8. h3 Bh5 9. Nbd2 0-0 10. Nf1 Bb6 11. Ng3 Ne7 12. Bg5 Bxf3 13. Qxf3 Ne8 14. Qg4 Kh8 15. Nf5 f6 16. Bd2 Ng6 17. h4 c6 18. h5 Ne7 19. h6 g6 20. Nh4 d5 21. Bb3 Qc8 22. Qg3 a5 23. Be3 Bxe3 24. Rxe3 a4 25. Bc2 a3 26. b3 Ra6 27. Nf3 dxe4 28. dxe4 c5 29. Rd1 b5 30. Nxe5 f5 31. Qg5 Qe6 32. Nd7 Ra7 33. Nxf8 Qc6 34. exf5 Nxf5 35. Bxf5 gxf5 36. Rd8 Qf6 37. Qxf6+ Nxf6 38. Ng6# 1-0

[Event "Hamar CC-ch"]
[Site "Hamar"]
[Date "2013.01.03"]
[Round "1"]
[White "Wago, Anders"]
[Black "Haukenes, Jonas"]
[Result "1-0"]
[WhiteElo "1679"]
[BlackElo "826"]
[PlyCount "27"]
[EventDate "2013.01.03"]
[EventType "swiss"]
[EventRounds "9"]
[EventCountry "NOR"]
[SourceTitle "EXT 2024"]
[Source "ChessBase"]
[SourceDate "2023.10.10"]
[SourceVersion "1"]
[SourceVersionDate "2023.10.10"]
[SourceQuality "1"]

1. e4 e5 2. d4 d6 3. Nf3 Bg4 4. Bc4 g6 5. dxe5 Nc6 6. exd6 Bxd6 7. 0-0 Nf6 8. Nc3 0-0 9. Bg5 Qe7 10. Nd5 Qd8 11. Nxf6+ Kh8 12. Nxg4 Qe8 13. Bf6+ Kg8 14. Nh6# 1-0

[Event "Hedmark & Oppland Region-ch"]
[Site "Hamar"]
[Date "2012.05.13"]
[Round "4"]
[White "Haukenes, Jonas"]
[Black "Haukenes, Elias"]
[Result "1-0"]
[WhiteElo "753"]
[BlackElo "689"]
[PlyCount "66"]
[EventDate "2012.05.12"]
[EventType "swiss"]
[EventRounds "5"]
[EventCountry "NOR"]
[SourceTitle "EXT 2024"]
[Source "ChessBase"]
[SourceDate "2023.10.10"]
[SourceVersion "1"]
[SourceVersionDate "2023.10.10"]
[SourceQuality "1"]

1. Nf3 d5 2. g3 c5 3. Bg2 e6 4. d3 Nf6 5. Nbd2 Bd6 6. 0-0 b6 7. b3 Ba6 8. Bb2 0-0 9. Re1 Nc6 10. e4 Re8 11. e5 Nxe5 12. Bxe5 Bxe5 13. Nxe5 Qc7 14. c4 Rad8 15. Qf3 Bb7 16. Rad1 dxc4 17. Qxb7 Qxb7 18. Bxb7 cxd3 19. Ndc4 Nd7 20. Nxd3 b5 21. Na5 c4 22. bxc4 bxc4 23. Nxc4 Rb8 24. Bc6 Red8 25. Bxd7 Rxd7 26. Nc5 Rxd1 27. Rxd1 h6 28. Na6 Rc8 29. Ne5 Rc2 30. Rd8+ Kh7 31. Nxf7 g5 32. Nb4 Rc4 33. Nd3 h5 1-0

[Event "Hedmark & Oppland Region-ch"]
[Site "Hamar"]
[Date "2012.05.12"]
[Round "3"]
[White "Haukenes, Jonas"]
[Black "Holmen, Svein Erik"]
[Result "0-1"]
[WhiteElo "753"]
[BlackElo "1045"]
[PlyCount "33"]
[EventDate "2012.05.12"]
[EventType "swiss"]
[EventRounds "5"]
[EventCountry "NOR"]
[SourceTitle "EXT 2024"]
[Source "ChessBase"]
[SourceDate "2023.10.10"]
[SourceVersion "1"]
[SourceVersionDate "2023.10.10"]
[SourceQuality "1"]

1. e4 e5 2. Nf3 Nc6 3. Bc4 Bb4 4. a3 Bc5 5. 0-0 Nf6 6. d3 0-0 7. Bg5 d6 8. h3 Qe8 9. Nc3 h6 10. Bh4 a6 11. Bxf6 gxf6 12. Nd5 f5 13. Nf6+ Kg7 14. Nxe8+ Rxe8 15. Nh4 f4 16. Qh5 Rg8 17. Bxf7 0-1

[Event "Hamar op B"]
[Site "Hamar"]
[Date "2011.10.06"]
[Round "3"]
[White "Haukenes, Elias"]
[Black "Haukenes, Jonas"]
[Result "1-0"]
[WhiteElo "584"]
[BlackElo "781"]
[PlyCount "51"]
[EventDate "2011.09.01"]
[EventType "swiss"]
[EventRounds "7"]
[EventCountry "NOR"]
[SourceTitle "EXT 2024"]
[Source "ChessBase"]
[SourceDate "2023.10.10"]
[SourceVersion "1"]
[SourceVersionDate "2023.10.10"]
[SourceQuality "1"]

1. d4 g6 2. Nc3 Bg7 3. e4 Nf6 4. Be3 0-0 5. Bd3 d6 6. Nge2 Nbd7 7. 0-0 Re8 8. e5 dxe5 9. dxe5 Nxe5 10. Bf4 Nxd3 11. cxd3 Bf5 12. Nb5 Nd5 13. Qc2 Nxf4 14. Nxf4 Be5 15. g3 Bxf4 16. gxf4 Bxd3 17. Qc3 Bxb5 18. Rfd1 Qc8 19. Kh1 Qh3 20. Qxh3 Bc6+ 21. f3 Rad8 22. f5 Rxd1+ 23. Rxd1 gxf5 24. Rg1+ Kh8 25. Qg3 e6 26. Qg7# 1-0

[Event "Politiken Cup 33rd"]
[Site "Helsingor"]
[Date "2011.08.03"]
[Round "6"]
[White "Svane, Troels"]
[Black "Haukenes, Jonas"]
[Result "0-1"]
[WhiteElo "1500"]
[BlackElo "1000"]
[PlyCount "60"]
[EventDate "2011.07.30"]
[EventType "swiss"]
[EventRounds "10"]
[EventCountry "DEN"]
[SourceTitle "CBM 143 Extra"]
[Source "ChessBase"]
[SourceDate "2011.08.29"]
[SourceVersion "1"]
[SourceVersionDate "2011.08.29"]
[SourceQuality "1"]

1. Nf3 g6 2. g3 Bg7 3. Bg2 Nf6 4. 0-0 0-0 5. d3 d5 6. Nbd2 Bf5 7. c4 c6 8. cxd5 cxd5 9. Re1 Qd6 10. d4 e6 11. Nh4 Nbd7 12. Nxf5 exf5 13. Nf3 Rfe8 14. Bd2 Qb6 15. Rb1 Rac8 16. e3 Ne4 17. Bc1 Qa6 18. a4 Nb6 19. b3 Nc3 20. Qc2 Nxb1 21. Qxb1 Nd7 22. Bd2 Qc6 23. Rc1 Qa6 24. Rc2 Rxc2 25. Qxc2 b6 26. Qc7 Nf6 27. Ng5 Rf8 28. Bb4 Rc8 29. Qxf7+ Kh8 30. Ne6 Rc1+ 0-1

[Event "Politiken Cup 33rd"]
[Site "Helsingor"]
[Date "2011.08.01"]
[Round "4"]
[White "Lindgaard, Tobias Simon"]
[Black "Haukenes, Jonas"]
[Result "1-0"]
[WhiteElo "1434"]
[BlackElo "1000"]
[PlyCount "63"]
[EventDate "2011.07.30"]
[EventType "swiss"]
[EventRounds "10"]
[EventCountry "DEN"]
[SourceTitle "CBM 143 Extra"]
[Source "ChessBase"]
[SourceDate "2011.08.29"]
[SourceVersion "1"]
[SourceVersionDate "2011.08.29"]
[SourceQuality "1"]

1. Nf3 Nc6 2. d4 d5 3. Bf4 Bg4 4. Nc3 Nf6 5. Ne5 Nxd4 6. Qxd4 Be6 7. e3 g6 8. Nb5 b6 9. Nc6 Qd7 10. Nxc7+ Qxc7 11. Bxc7 Rc8 12. Bg3 Rxc6 13. Bb5 Bd7 14. Bxc6 Bxc6 15. 0-0-0 e6 16. c4 Ba4 17. b3 Bc6 18. f3 Bg7 19. e4 0-0 20. e5 Nd7 21. f4 Kh8 22. h4 Kg8 23. h5 Kh8 24. Qd3 Kg8 25. hxg6 fxg6 26. Rdf1 h5 27. Qxg6 Kh8 28. Rxh5+ Kg8 29. Rh7 Rf7 30. f5 Nxe5 31. Bxe5 Kf8 32. Bxg7+ 1-0

[Event "Politiken Cup 33rd"]
[Site "Helsingor"]
[Date "2011.07.31"]
[Round "3"]
[White "Haukenes, Jonas"]
[Black "Jensen, Jonbert"]
[Result "0-1"]
[WhiteElo "1000"]
[BlackElo "1595"]
[PlyCount "50"]
[EventDate "2011.07.30"]
[EventType "swiss"]
[EventRounds "10"]
[EventCountry "DEN"]
[SourceTitle "CBM 143 Extra"]
[Source "ChessBase"]
[SourceDate "2011.08.29"]
[SourceVersion "1"]
[SourceVersionDate "2011.08.29"]
[SourceQuality "1"]

1. d4 Nf6 2. c4 g6 3. Nf3 Bg7 4. Nc3 0-0 5. Bf4 d6 6. e3 Nbd7 7. Bd3 Nh5 8. 0-0 Nxf4 9. exf4 e6 10. d5 Nc5 11. dxe6 Bxe6 12. b3 Bxc3 13. Rc1 Bg7 14. Be2 Bh6 15. Qd2 Qf6 16. g3 Ne4 17. Qe3 Nc5 18. Ng5 Rfe8 19. Ne4 Nxe4 20. Qxe4 Bg4 21. Qxb7 Bxe2 22. Rfe1 Qb2 23. Ra1 Bg7 24. a4 Qd2 25. Qxc7 Bxa1 0-1